| 000 | 00373nam a2200157Ia 4500 | ||
|---|---|---|---|
| 008 | 210210b1917 xxu||||| |||| 00| 0 eng d | ||
| 041 | _aeng | ||
| 082 | _a825/904 | ||
| 100 | _aWHIBLEY (C) | ||
| 245 | _aJonathan Swift | ||
| 260 |
_aCambridge _bAt the University Press _c1917 |
||
| 650 | _aSwift | ||
| 650 | _aJonathan | ||
| 690 | _aEnglish Criticism | ||
| 906 | _a015219 | ||
| 999 |
_c134536 _d134536 |
||